00699nam a2200229 a 4500001001300000003000900013005001700022008004100039020001000080082001700090100003000107245005000137260005000187300000900237500003500246650001100281700003000292902000800322942000700330952011700337999001500454nice12345678IN_TiNIC20260116011927.0070628s1978 boma grp 000 0 urd  ac10000a297.814bHAJ aHajar, Alshsikh Ahmed Bin aHayat Shaikhul Islam Mohammad Bin Abdul Wahab aBombay bShethia Audio Vidio Pvt. Ltd. c1978 a192p aincludes index and biblioraphy aWahabi1 aHajar, Alshsikh Ahmed Bin bSRS cBK 001040708StackRoom-aHMIbHMId2007-06-28g100.00l0o297.814 HAJp09433r2007-06-28v100.00w2007-06-28yBK c4930d4930